000 01552 a2200265 4500
003 Nust
005 20220817191055.0
010 _a 2006272166
020 _a0521845270
020 _a9780521845274
035 _a(OCoLC)ocm57751753
040 _cNust
082 0 4 _a621.382,TSE
100 1 _aTse, David.
_997882
245 1 0 _aFundamentals of wireless communication /
_cDavid Tse and Pramod Viswanath.
260 _aCambridge, UK ;
_aNew York :
_bCambridge University Press,
_c2005.
300 _axxi, 564 p. :
_bill. ;
_c26 cm.
505 _aIntroduction (Page-1), The Wireless Channel (Page-10), Point-to-Point Communication; Detection, Diversity and Channel Uncertainty (Page-49), Cellular System Multiple access and Interference Management (Page-120), Capacity Of Wireless Channels (Page-166) ,Multiuser Capacity and Opportunistic Communication (Page-228), MIMO I: Spatial Multiplexing and Channel Modeling (Page-290), MIMO II: Capacity and Multiplexing Architectures (Page-332) ,MIMO III: Diversity - Multiplexing Tradeoff and Universal Space Time Codes (Page- 383), MIMO IV: Multiuser Communication (Page-425).
650 0 _aTelecommunication Engineering
700 1 _aViswanath, Pramod.
_997883
856 4 2 _3Contributor biographical information
_uhttp://www.loc.gov/catdir/enhancements/fy0733/2006272166-b.html
856 4 2 _3Publisher description
_uhttp://www.loc.gov/catdir/enhancements/fy0632/2006272166-d.html
856 4 2 _3Table of contents only
_uhttp://www.loc.gov/catdir/enhancements/fy0632/2006272166-t.html
942 _cREF
_2ddc
999 _c188460
_d188460